[Event "SRB-chT 2nd League West"]
[Site "Kragujevac"]
[Date "2019.10.06"]
[Round "11.7"]
[White "Radenkovic, Aleksa"]
[Black "Stojkovic, Andrija"]
[Result "1/2-1/2"]
[WhiteElo "2036"]
[BlackElo "1842"]
[PlyCount "94"]
[EventDate "2019.09.06"]
[EventType "team-tourn"]
[EventRounds "11"]
[EventCountry "SRB"]
[SourceTitle "EXT 2020"]
[Source "ChessBase"]
[SourceDate "2019.10.17"]
[SourceVersion "1"]
[SourceVersionDate "2019.10.17"]
[SourceQuality "1"]
[WhiteTeam "Aleksandrovac"]
[BlackTeam "Smederevo"]
[WhiteTeamCountry "SRB"]
[BlackTeamCountry "SRB"]

1. Nc3 d5 2. e4 dxe4 3. Nxe4 Bf5 4. Ng3 Bg6 5. d4 e6 6. Nf3 Nd7 7. Bc4 Ngf6 8. Qe2 Be7 9. Bf4 c6 10. 0-0 0-0 11. Rfe1 Re8 12. Nh4 Nd5 13. Nxg6 hxg6 14. Bd2 Bf6 15. c3 N7b6 16. Bb3 e5 17. dxe5 Bxe5 18. Qg4 Qc7 19. Rad1 Rad8 20. Bg5 Bf6 21. Bxf6 gxf6 22. Nh5 Rxe1+ 23. Rxe1 Qd6 24. Ng3 Qf4 25. Qd1 f5 26. h3 Rd7 27. Re8+ Kg7 28. Qe1 Qd6 29. c4 Nf6 30. Re2 c5 31. a4 Nc8 32. Bc2 Re7 33. Bxf5 Rxe2 34. Qxe2 Ne7 35. Be4 Nc6 36. Bxc6 Qxc6 37. Qe7 Qxa4 38. Qxc5 Qa1+ 39. Kh2 Qxb2 40. Qxa7 b6 41. c5 bxc5 42. Qxc5 Qd2 43. f3 Qf4 44. Qc3 Kh7 45. Qe1 Nh5 46. Qf2 Kg8 47. Qe1 Kh7 1/2-1/2

[Event "SRB-chT2 West"]
[Site "Arandjelovac"]
[Date "2018.10.05"]
[Round "7.14"]
[White "Radenkovic, Aleksa"]
[Black "Lekic, Miodrag"]
[Result "0-1"]
[WhiteElo "2004"]
[BlackElo "2208"]
[PlyCount "65"]
[EventDate "2018.09.07"]
[EventType "team-tourn"]
[EventRounds "11"]
[EventCountry "SRB"]
[SourceTitle "EXT 2021"]
[Source "ChessBase"]
[SourceDate "2020.10.23"]
[SourceVersion "1"]
[SourceVersionDate "2020.10.23"]
[SourceQuality "1"]
[WhiteTeam "Aleksandrovac Zupa"]
[BlackTeam "Arandjelovac"]
[WhiteTeamCountry "SRB"]
[BlackTeamCountry "SRB"]

1. e4 d6 2. d4 Nf6 3. Nc3 g6 4. Bc4 c6 5. Bb3 Bg7 6. Nf3 0-0 7. 0-0 Bg4 8. h3 Bxf3 9. Qxf3 Nbd7 10. Bg5 e5 11. d5 c5 12. Ba4 h6 13. Bd2 a6 14. Bxd7 Nxd7 15. g4 b5 16. Ne2 Kh7 17. Kh2 Bf6 18. Qg2 Bg5 19. f4 exf4 20. Bxf4 Bxf4+ 21. Rxf4 Qe7 22. Raf1 Rae8 23. Ng3 Ne5 24. Qe2 Kg8 25. Rf6 Nd7 26. R6f4 Qe5 27. c3 Qe7 28. Qg2 Ne5 29. Rf6 Nd7 30. Nf5 gxf5 31. gxf5+ Kh7 32. Rxh6+ Kxh6 33. Rh1 0-1

[Event "SRB-chT2 West"]
[Site "Arandjelovac"]
[Date "2018.10.05"]
[Round "8.1"]
[White "Radenkovic, Aleksa"]
[Black "Markovic, Dejan Z"]
[Result "1-0"]
[WhiteElo "2004"]
[BlackElo "1768"]
[PlyCount "99"]
[EventDate "2018.09.07"]
[EventType "team-tourn"]
[EventRounds "11"]
[EventCountry "SRB"]
[SourceTitle "EXT 2021"]
[Source "ChessBase"]
[SourceDate "2020.10.23"]
[SourceVersion "1"]
[SourceVersionDate "2020.10.23"]
[SourceQuality "1"]
[WhiteTeam "Aleksandrovac Zupa"]
[BlackTeam "Lipnicki Sor Sloga"]
[WhiteTeamCountry "SRB"]
[BlackTeamCountry "SRB"]

1. e4 Nf6 2. Nc3 d5 3. e5 Nfd7 4. d4 e6 5. f4 c5 6. Nf3 Nc6 7. Be3 g6 8. Qd2 cxd4 9. Nxd4 Nxd4 10. Bxd4 a6 11. 0-0-0 b5 12. g4 h5 13. gxh5 Rxh5 14. Bd3 Bb7 15. Rhg1 Qh4 16. Rg2 Bc5 17. Ne2 Rh8 18. Rdg1 Qe7 19. Kb1 0-0-0 20. c3 Rh3 21. b4 Bb6 22. Nc1 Bxd4 23. cxd4 Nb6 24. Nb3 Nc4 25. Bxc4 dxc4 26. Nc5 Rd3 27. Nxd3 Rxd4 28. Rg3 Be4 29. Kb2 Bxd3 30. a3 Qd8 31. Rd1 Re4 32. Qc3 Re2+ 33. Ka1 Qc7 34. Rc1 Bf5 35. Qf3 Re4 36. h4 Qd8 37. Rd1 Qxh4 38. Qf2 Qe7 39. Qb6 Qc7 40. Qxa6+ Kb8 41. Qxb5+ Ka8 42. Qe8+ Kb7 43. Rd7 Re1+ 44. Kb2 Re2+ 45. Kc1 Rc2+ 46. Kd1 c3 47. Rxc7+ Kxc7 48. Qe7+ Kc8 49. Qc5+ Kb7 50. Rxc3 1-0

[Event "SRB-chT2 West"]
[Site "Arandjelovac"]
[Date "2018.10.04"]
[Round "6.3"]
[White "Radenkovic, Aleksa"]
[Black "Simic, Goran S"]
[Result "1-0"]
[WhiteElo "2004"]
[BlackElo "2068"]
[PlyCount "53"]
[EventDate "2018.09.07"]
[EventType "team-tourn"]
[EventRounds "11"]
[EventCountry "SRB"]
[SourceTitle "EXT 2021"]
[Source "ChessBase"]
[SourceDate "2020.10.23"]
[SourceVersion "1"]
[SourceVersionDate "2020.10.23"]
[SourceQuality "1"]
[WhiteTeam "Aleksandrovac Zupa"]
[BlackTeam "Loznica Grad"]
[WhiteTeamCountry "SRB"]
[BlackTeamCountry "SRB"]

1. e4 d6 2. d4 Nf6 3. Nc3 g6 4. Bg5 Bg7 5. e5 dxe5 6. dxe5 Ng4 7. h3 Nxe5 8. Qxd8+ Kxd8 9. 0-0-0+ Bd7 10. f4 Nec6 11. Ne4 a6 12. Bc4 Rf8 13. Nf3 Kc8 14. g4 Na5 15. Bd3 e6 16. b4 Nac6 17. a3 h6 18. Bh4 Nd8 19. Rh2 Bc6 20. Ne5 Nd7 21. Nxd7 Bxd7 22. Rhd2 Bc6 23. Bc4 f6 24. Nc5 Re8 25. Bf2 b5 26. Rxd8+ Rxd8 27. Bxe6+ 1-0

[Event "SRB-chT2 West"]
[Site "Kragujevac"]
[Date "2017.10.05"]
[Round "6.5"]
[White "Baralic, Nebojsa"]
[Black "Radenkovic, Aleksa"]
[Result "1-0"]
[WhiteElo "2235"]
[BlackElo "1965"]
[PlyCount "119"]
[EventDate "2017.09.08"]
[EventType "team-tourn"]
[EventRounds "11"]
[EventCountry "SRB"]
[SourceTitle "EXT 2022"]
[Source "ChessBase"]
[SourceDate "2021.10.06"]
[SourceVersion "1"]
[SourceVersionDate "2021.10.06"]
[SourceQuality "1"]

1. c4 c5 2. Nc3 Nc6 3. Nf3 g6 4. g3 Bg7 5. Bg2 d6 6. 0-0 Nf6 7. d4 0-0 8. d5 Na5 9. Qd3 Rb8 10. e4 a6 11. Bf4 Qc7 12. Nd2 Bd7 13. Rfe1 Nh5 14. Bg5 h6 15. Be3 b5 16. Rac1 bxc4 17. Nxc4 Nxc4 18. Qxc4 Rxb2 19. Qxa6 Rfb8 20. Bf1 R8b7 21. Qd3 R7b4 22. Rc2 Rxc2 23. Qxc2 Bxc3 24. Qxc3 Rxe4 25. Bxh6 Rxe1 26. Qxe1 Bf5 27. Bg5 e5 28. a4 Bc8 29. Bc4 Ng7 30. a5 Bb7 31. a6 Ba8 32. f4 exf4 33. Bxf4 Kh7 34. g4 Qd7 35. h3 Qa4 36. Qe4 Qd1+ 37. Kh2 f5 38. Qd3 Qxd3 39. Bxd3 Bxd5 40. Bxd6 c4 41. Bf1 Ne8 42. Be5 c3 43. Bxc3 Nc7 44. a7 Be4 45. Bg2 Bxg2 46. Kxg2 fxg4 47. hxg4 Kg8 48. Ba5 Na8 49. Kf3 Kf7 50. Kf4 Kf6 51. Bd8+ Kf7 52. Kg5 Kg7 53. Ba5 Kf7 54. Kh6 Kf6 55. g5+ Kf7 56. Kh7 Kf8 57. Kxg6 Kg8 58. Kf6 Kf8 59. g6 Kg8 60. g7 1-0

[Event "SRB-chT2 West"]
[Site "Kragujevac"]
[Date "2015.10.09"]
[Round "8.2"]
[White "Simic, Goran S"]
[Black "Radenkovic, Aleksa"]
[Result "0-1"]
[WhiteElo "2077"]
[BlackElo "1947"]
[PlyCount "82"]
[EventDate "2015.09.04"]
[EventType "team-tourn"]
[EventRounds "11"]
[EventCountry "SRB"]
[SourceTitle "EXT 2022"]
[Source "ChessBase"]
[SourceDate "2021.10.06"]
[SourceVersion "1"]
[SourceVersionDate "2021.10.06"]
[SourceQuality "1"]

1. d4 d5 2. Nf3 c6 3. e3 Nf6 4. Bd3 Bg4 5. c4 e6 6. Qb3 Qc7 7. Ne5 Bh5 8. cxd5 cxd5 9. Nc3 a6 10. Bd2 Nbd7 11. Nxd7 Nxd7 12. Rc1 Qb6 13. Na4 Qxb3 14. axb3 Bd6 15. Nc5 Bxc5 16. dxc5 Ne5 17. Be2 Bxe2 18. Kxe2 0-0 19. Bc3 Nc6 20. Rhd1 Rfd8 21. Rd2 Rd7 22. f4 f6 23. Rcd1 Rad8 24. Kf2 e5 25. fxe5 fxe5 26. Re2 d4 27. exd4 exd4 28. Bd2 Rd5 29. b4 Ne5 30. Bf4 Rf8 31. Kg3 Nc6 32. Re4 h5 33. h4 d3 34. Bd6 Rf6 35. Rd2 Rf7 36. Kh3 Rf1 37. Re8+ Kh7 38. Re3 Nxb4 39. Be5 Rxc5 40. Bc3 Nd5 41. Rexd3 Nf4+ 0-1

[Event "SRB-chT2 West"]
[Site "Kragujevac"]
[Date "2015.09.05"]
[Round "3.1"]
[White "Radenkovic, Aleksa"]
[Black "Adzic, Momcilo"]
[Result "0-1"]
[WhiteElo "1947"]
[BlackElo "2232"]
[PlyCount "54"]
[EventDate "2015.09.04"]
[EventType "team-tourn"]
[EventRounds "11"]
[EventCountry "SRB"]
[SourceTitle "EXT 2022"]
[Source "ChessBase"]
[SourceDate "2021.10.06"]
[SourceVersion "1"]
[SourceVersionDate "2021.10.06"]
[SourceQuality "1"]

1. Nc3 d5 2. e4 dxe4 3. Nxe4 Nf6 4. Ng3 g6 5. Nf3 Bg7 6. d4 0-0 7. Be2 c5 8. 0-0 cxd4 9. Qxd4 Nc6 10. Qh4 Qb6 11. Rb1 Qb4 12. c4 Bg4 13. a3 Qb6 14. Be3 Qc7 15. Rfc1 Rad8 16. b4 h5 17. Qg5 e5 18. b5 Nh7 19. Qh4 Bf6 20. Ng5 Bxe2 21. bxc6 Bd3 22. Rxb7 Qxc6 23. Rxa7 Rd4 24. Bxd4 Bxg5 25. Qh3 Bxc1 26. Bxe5 Re8 27. Rc7 Qa4 0-1

[Event "Petrovac op"]
[Site "Petrovac"]
[Date "2015.05.09"]
[Round "3"]
[White "Potpara, Nikola"]
[Black "Radenkovic, Aleksa"]
[Result "1-0"]
[WhiteElo "2345"]
[BlackElo "1908"]
[PlyCount "45"]
[EventDate "2015.05.08"]
[EventType "swiss"]
[EventRounds "9"]
[EventCountry "MNE"]
[SourceTitle "CBM 166 Extra"]
[Source "ChessBase"]
[SourceDate "2015.06.18"]
[SourceVersion "1"]
[SourceVersionDate "2015.06.18"]
[SourceQuality "1"]

1. d4 d5 2. c4 c6 3. Nf3 e6 4. Nc3 f5 5. Bf4 Nf6 6. e3 Be7 7. Qc2 Ne4 8. Bd3 0-0 9. g4 g5 10. Be5 Nd7 11. cxd5 cxd5 12. h4 Nxe5 13. Nxe5 gxh4 14. gxf5 exf5 15. Nxd5 Qa5+ 16. Ke2 Bd6 17. Rxh4 Bxe5 18. dxe5 Be6 19. Rg1+ Kh8 20. Bxe4 Rac8 21. Nc3 fxe4 22. Rxh7+ Kxh7 23. Qxe4+ 1-0

[Event "Petrovac op"]
[Site "Petrovac"]
[Date "2015.05.08"]
[Round "1"]
[White "Nikolovski, Nikola"]
[Black "Radenkovic, Aleksa"]
[Result "0-1"]
[WhiteElo "2356"]
[BlackElo "1908"]
[PlyCount "96"]
[EventDate "2015.05.08"]
[EventType "swiss"]
[EventRounds "9"]
[EventCountry "MNE"]
[SourceTitle "CBM 166 Extra"]
[Source "ChessBase"]
[SourceDate "2015.06.18"]
[SourceVersion "1"]
[SourceVersionDate "2015.06.18"]
[SourceQuality "1"]

1. e4 c5 2. Nc3 e6 3. f4 a6 4. Nf3 b5 5. d3 Bb7 6. g3 Nf6 7. Bg2 Be7 8. 0-0 Qb6 9. Kh1 h5 10. e5 Ng4 11. h3 Nh6 12. Ne4 Nf5 13. Kh2 Nc6 14. Qe2 c4 15. dxc4 bxc4 16. Nfd2 Ncd4 17. Nxc4 Nxe2 18. Nxb6 Rb8 19. Nc4 Bxe4 20. Bxe4 Nexg3 21. Re1 Nxe4 22. Rxe4 d5 23. exd6 Nxd6 24. Nxd6+ Bxd6 25. Rd4 Ke7 26. b3 g5 27. Bd2 Rbd8 28. Rd1 gxf4 29. Ba5 Rd7 30. c4 f3+ 31. Kg1 e5 32. Rxd6 Rxd6 33. Bb4 Rhd8 34. Kf2 e4 35. Ke3 Ke6 36. Bxd6 Rxd6 37. Rxd6+ Kxd6 38. b4 f5 39. a4 h4 40. Kf2 f4 41. Kf1 e3 42. Ke1 f2+ 43. Kf1 Ke5 44. b5 axb5 45. cxb5 Ke4 46. Ke2 f3+ 47. Kf1 Kd3 48. b6 Kd2 0-1

[Event "Pozarevac City-chB"]
[Site "Pozarevac"]
[Date "2013.12.28"]
[Round "2"]
[White "Djokic, Nebojsa"]
[Black "Radenkovic, Aleksa"]
[Result "1-0"]
[WhiteElo "2200"]
[BlackElo "1961"]
[PlyCount "39"]
[EventDate "2013.12.27"]
[EventType "swiss"]
[EventRounds "5"]
[EventCountry "SRB"]
[SourceTitle "CBM 158 Extra"]
[Source "ChessBase"]
[SourceDate "2014.02.28"]
[SourceVersion "1"]
[SourceVersionDate "2014.02.28"]
[SourceQuality "1"]

1. e4 c5 2. Nf3 e6 3. d4 cxd4 4. Nxd4 a6 5. Nc3 Qc7 6. Bd3 Nf6 7. 0-0 b5 8. Re1 Bb7 9. e5 Nd5 10. Bd2 Nxc3 11. Bxc3 d6 12. exd6 Bxd6 13. Nxe6 fxe6 14. Rxe6+ Be7 15. Qh5+ Kd8 16. Rd1 Nd7 17. Bf5 Bc6 18. Qf7 Re8 19. Rxc6 Qxc6 20. Ba5+ 1-0

[Event "SRB-ch U14"]
[Site "Sokobanja"]
[Date "2010.04.09"]
[Round "7"]
[White "Radenkovic, Aleksa"]
[Black "Mladenovic, Aleksandar"]
[Result "1-0"]
[WhiteElo "1897"]
[BlackElo "1738"]
[PlyCount "74"]
[EventDate "2010.04.05"]
[EventType "swiss"]
[EventRounds "9"]
[EventCountry "YUG"]
[SourceTitle "CBM 136 Extra"]
[Source "ChessBase"]
[SourceDate "2010.07.02"]
[SourceVersion "2"]
[SourceVersionDate "2010.07.15"]
[SourceQuality "1"]

1. Nc3 d5 2. e4 d4 3. Nce2 e5 4. Ng3 Nf6 5. Bc4 Bg4 6. Nf3 g6 7. d3 h6 8. Bxf7+ Kxf7 9. Nxe5+ Kg7 10. Nxg4 Nxg4 11. Qxg4 h5 12. Qg5 Qd7 13. Bf4 Nc6 14. Be5+ Nxe5 15. Qxe5+ Kh7 16. a3 Bg7 17. Qa5 b6 18. Qd2 Bh6 19. f4 Rhf8 20. Ne2 Qg4 21. g3 g5 22. h3 Qf3 23. Rf1 Qg2 24. 0-0-0 Qxh3 25. Nxd4 Qxg3 26. Ne6 gxf4 27. Nxf8+ Rxf8 28. Kb1 f3 29. Qc3 f2 30. e5 Bg7 31. d4 Qxc3 32. bxc3 Kg8 33. Rd2 Rf3 34. Rfxf2 Rxc3 35. Rd3 Rc4 36. e6 Bf8 37. Rg3+ Kh7 1-0